000
00286nam a2200109Ia 4500
008
190907s9999||||xx |||||||||||||| ||und||
100
_a
Behrouz Forouzan
245
0
_a
Introduction to Data Communications and Networking
260
_a
USA
_b
McGraw Hill
_c
1998
300
_a
713
942
_c
BK
999
_c
6308
_d
6308